03064 2201477 4500001002100000005001500021035002000036008004100056245006400097100002100161250000600182260003200188300001200220020002200232084001400254082000800268650001400276990001200290990001200302990001200314990001200326990001200338990001200350990001200362990001200374990001200386990001200398990001200410990001200422990001200434990001200446990001200458990001200470990001200482990001200494990001200506990001200518990001200530990001200542990001200554990001200566990001200578990001200590990001200602990001200614990001200626990001200638990001200650990001200662990001200674990001200686990001200698990001200710990001200722990001200734990001200746990001200758990001200770990001200782990001200794990001200806990001200818990001200830990001200842990001200854990001200866990001200878990001200890990001200902990001200914990001200926990001200938990001200950990001200962990001200974990001200986990001200998990001201010990001201022990001201034990001201046990001201058990001201070990001201082990001201094990001201106990001201118990001201130990001201142990001201154990001201166990001201178990001201190990001201202990001201214990001201226990001201238990001201250990001201262990001201274990001201286990001201298990001201310990001201322990001201334990001201346990001201358990001201370990001201382990001201394990001201406990001201418990001201430990001201442990001201454990001201466990001201478990001201490990001201502990001201514990001201526990001201538990001201550990001201562990001201574INLIS00000000000137720240626094622 a0010-0624000009240626 0 ind 1 aBahasa Indonesia Tingkat Lanjut Kelas XI /cRahma Purwahida aPurwahida, Rahma a1 aJakarta :bKEMDIKBUD,c2021 a252 hlm a978-602-244-741-2 a410 RAH b a410 4aNon Fiksi a0750289 a0750290 a0750291 a0750292 a0750293 a0750294 a0750295 a0750296 a0750297 a0750298 a0750299 a0750300 a0750301 a0750302 a0750303 a0750304 a0750305 a0750306 a0750307 a0750308 a0750309 a0750310 a0750311 a0750312 a0750313 a0750314 a0750315 a0750316 a0750317 a0750318 a0750319 a0750320 a0750321 a0750322 a0750323 a0750324 a0750325 a0750326 a0750327 a0750328 a0750329 a0750330 a0750331 a0750332 a0750333 a0750334 a0750335 a0750336 a0750337 a0750338 a0750339 a0750340 a0750341 a0750342 a0750343 a0750344 a0750345 a0750346 a0750347 a0750348 a0750349 a0750350 a0750351 a0750352 a0750353 a0750354 a0750355 a0750356 a0750357 a0750358 a0750359 a0750360 a0750361 a0750362 a0750363 a0750364 a0750365 a0750366 a0750367 a0750368 a0750369 a0750370 a0750371 a0750372 a0750373 a0750374 a0750375 a0750376 a0750377 a0750378 a0750379 a0750380 a0750381 a0750382 a0750383 a0750384 a0750385 a0750386 a0750387 a0750388 a0750389 a0750390 a0750391 a0750392 a0750393 a0750394 a0750395 a0750396